Quo vadis, Cuba?
V Latinskej Amerike prebiehajú politické, ekonomické a sociálne zmeny. V oblasti sa stále viac angažujú Rusko a Čína. V súvislosti s tým sa mení aj postoj USA. Intenzívne zmeny medzi USA a Kubou prebiehajú od roku 2014. Boli nadviazané diplomatické vzťahy, zrušilo sa embargo. Na uvoľnenie cestovania...
Enregistré dans:
| Auteur principal: | |
|---|---|
| Format: | Chapitre de livre |
| Langue: | tchèque |
| Sujets: | |
| Tags: |
Pas de tags, Soyez le premier à ajouter un tag!
|
MARC
| LEADER | 00000nla a2200000 4500 | ||
|---|---|---|---|
| 001 | 0211172 | ||
| 005 | 20240417075102.9 | ||
| 041 | 0 | |a cze | |
| 044 | |a CZ | ||
| 245 | 1 | 0 | |a Quo vadis, Cuba? |c Petr Chalupa |
| 520 | |a V Latinskej Amerike prebiehajú politické, ekonomické a sociálne zmeny. V oblasti sa stále viac angažujú Rusko a Čína. V súvislosti s tým sa mení aj postoj USA. Intenzívne zmeny medzi USA a Kubou prebiehajú od roku 2014. Boli nadviazané diplomatické vzťahy, zrušilo sa embargo. Na uvoľnenie cestovania čakajú hotelové korporácie, cestovné agentúry a vlastníci výletných ľodí. Americké spoločnosti komunikačných technológií očakávajú na Kube veľké zisky. | ||
| 610 | 2 | 0 | |a vzťahy medzinárodné |
| 610 | 2 | 0 | |a história |
| 610 | 2 | 0 | |a politika medzinárodná |
| 610 | 2 | 0 | |a politika vnútorná |
| 610 | 2 | 0 | |a ruch cestovný |
| 610 | 2 | 0 | |a Kuba |
| 610 | 2 | 0 | |a Latinská Amerika |
| 610 | 2 | 0 | |a USA |
| 100 | 1 | |a Chalupa, Petr | |